000 01372nam a2200349 a 4500
001 ebr5004018
003 CaPaEBR
006 m u
007 cr cn|||||||||
008 011029s2001 enka sb 001 0 eng
010 _z 99042860
015 _aGBA1-62278
016 7 _a1853027324
_2Uk
020 _z1853027324(pbk.)
040 _aCaPaEBR
_cCaPaEBR
035 _a(OCoLC)228040049
050 1 4 _aRC455.4.P78
_bC65 2001eb
082 0 4 _a616.8550019
_221
245 0 0 _aCommunication and mental illness
_h[electronic resource] :
_btheoretical and practical approaches /
_cedited by Jenny France and Sarah Kramer.
260 _aLondon :
_bJessica Kingsley Publishers,
_cc2001.
300 _a478 p. :
_bill.
504 _aIncludes bibliographical references and index.
533 _aElectronic reproduction.
_bPalo Alto, Calif. :
_cebrary,
_d2013.
_nAvailable via World Wide Web.
_nAccess may be limited to ebrary affiliated libraries.
650 0 _aMentally ill
_xLanguage.
650 0 _aLanguage disorders
_xPsychological aspects.
650 0 _aSpeech disorders
_xPsychological aspects.
655 7 _aElectronic books.
_2local
700 1 _aFrance, Jenny.
700 1 _aKramer, Sarah,
_d1969-
710 2 _aebrary, Inc.
856 4 0 _uhttp://site.ebrary.com/lib/rucke/Doc?id=5004018
_zAn electronic book accessible through the World Wide Web; click to view
999 _c701
_d701